[Event "FIDE Zonal 3.5 w 2011"]
[Site "Tianjin CHN"]
[Date "2011.03.24"]
[Round "5"]
[White "Shen Yang"]
[Black "Ju Wenjun"]
[Result "0-1"]
[WhiteElo "2443"]
[BlackElo "2519"]

1.d4 Nf6 2.Nf3 g6 3.c4 Bg7 4.Nc3 O-O 5.e4 d6 6.Be2 e5 7.O-O Nc6 8.d5 Ne7
9.Ne1 Nd7 10.Nd3 f5 11.Bd2 fxe4 12.Nxe4 Nf5 13.Bc3 a5 14.b3 b6 15.Qc2 Nc5
16.Ndxc5 bxc5 17.Rfe1 Bh6 18.Bf1 Nh4 19.Rab1 Bf5 20.Rb2 Qd7 21.Qd3 Rf7 22.Kh1 Qe7
23.g3 Bxe4+ 24.Rxe4 Nf3 25.Bg2 Qf8 26.Qd1 Rf6 27.h4 Kh8 28.Bh3 Nd4 29.Kg2 Bg7
30.h5 gxh5 31.Qxh5 Rh6 32.Qd1 Qf7 33.Qd3 Rf8 34.Bg4 Rf6 35.Bxd4 cxd4 36.Ree2 Bh6
37.a3 Qg7 38.Re4 Bf4 39.Be6 Rg6 40.b4 axb4 41.axb4 Be3 42.Rxe3 dxe3 43.Qxe3 Rgf6
44.Ra2 Qg6 45.Re2 Qh5 46.Rd2 Rh6 47.Kf1 Qh1+ 48.Ke2 Rhf6 49.g4 Rf4 50.Qg3 Re4+  0-1

[Event "FIDE Zonal 3.5 w 2011"]
[Site "Tianjin CHN"]
[Date "2011.03.26"]
[Round "7"]
[White "Huang Qian"]
[Black "Ju Wenjun"]
[Result "1/2-1/2"]
[WhiteElo "2394"]
[BlackElo "2519"]

1.d4 Nf6 2.c4 g6 3.Nc3 Bg7 4.Nf3 O-O 5.e4 d6 6.Be2 e5 7.O-O Nc6 8.d5 Ne7
9.b4 Nh5 10.Re1 f5 11.Ng5 Nf6 12.Bf3 c6 13.b5 cxd5 14.cxd5 h6 15.Ne6 Bxe6
16.dxe6 fxe4 17.Nxe4 Nxe4 18.Bxe4 d5 19.Ba3 dxe4 20.Qxd8 Rfxd8 21.Bxe7 Re8
22.Bc5 Rxe6 23.Rxe4 a6 24.bxa6 Rexa6 25.a3 Bf8 26.Bxf8 Kxf8 27.Rxe5 Rxa3
28.Rxa3 Rxa3 29.h4 Rb3 30.h5 g5 31.Re6 Kg7 32.Re7+ Kg8 33.Re6  1/2-1/2

[Event "TCh-HUN 2010-11"]
[Site "Budapest HUN"]
[Date "2011.03.27"]
[Round "7"]
[White "Erdos,V"]
[Black "Konnyu,J"]
[Result "0-1"]
[WhiteElo "2576"]
[BlackElo "2382"]

1.d4 Nf6 2.c4 g6 3.Nc3 Bg7 4.e4 d6 5.Nf3 O-O 6.Be2 e5 7.O-O Nc6 8.d5 Ne7
9.Ne1 Ne8 10.Nd3 f5 11.Bd2 c5 12.b4 cxb4 13.Nxb4 Nf6 14.exf5 Nxf5 15.Bd3 Bd7
16.Rc1 Rc8 17.Ne4 Nxe4 18.Bxe4 Qh4 19.f3 Bh6 20.Re1 Ba4 21.Qe2 Nd4 22.Qd3 a5
23.Bxh6 Qxh6 24.Qa3 axb4 25.Qxa4 Ne2+ 26.Rxe2 Qxc1+ 27.Kf2 Qxc4 28.Qd7 Qc7
29.Qe6+ Kh8 30.h4 Rce8 31.Qg4 Rf4 32.Qg5 Qd8 33.Kg3 Qxg5+ 34.hxg5 Ra8 35.Rc2 Kg7
36.Rc4 Rxa2 37.Rxb4 Rf7 38.Bd3 Ra3 39.Bb1 Rc7 40.Kg4 Ra5 41.Be4 b5 42.g3 Rc4
43.Rb2 b4  0-1

[Event "TCh-HUN 2010-11"]
[Site "Szombathely HUN"]
[Date "2011.03.27"]
[Round "7"]
[White "Polak,T"]
[Black "Toth,E"]
[Result "1/2-1/2"]
[WhiteElo "2535"]
[BlackElo "2414"]

1.d4 Nf6 2.c4 g6 3.Nc3 Bg7 4.e4 d6 5.Nf3 O-O 6.Be2 e5 7.O-O Nc6 8.d5 Ne7
9.b4 a5 10.bxa5 Nd7 11.Ba3 Rxa5 12.Bb4 Ra8 13.a4 Nc5 14.a5 Na6 15.Ba3 Nc5
16.Bxc5 dxc5 17.Ne1 Bd7 18.Nd3 b6 19.Qb3 Nc8 20.axb6 Rxa1 21.Rxa1 cxb6 22.Bf3 Qc7
23.Rb1 Bf6 24.Nb5 Qb8 25.Nc3 Qc7 26.Nb5 Qb8 27.g3 Bd8 28.Bg2 Re8 29.Nc3 Qc7
30.Nb5 Qb8 31.Re1 Nd6 32.Nxd6 Qxd6 33.f4 f6 34.Kh1 h5 35.Qb2 Bc7 36.Rf1 Rf8
37.Qf2 Qe7 38.h4 f5 39.fxe5 Bxe5 40.Nxe5 Qxe5 41.Qf4 Qxf4 42.Rxf4 fxe4 43.Bxe4 Rxf4
44.gxf4 Kf7 45.Bd3 Be8 46.Kg2 Ke7 47.Kf3 Kd6 48.Ke3 Bf7 49.Be4 Be8 50.Kd2 Bf7
51.Kc3 Be8 52.Bc2 Ke7 53.Kb2 Kd6 54.Kc3 Ke7 55.Kd2  1/2-1/2

[Event "1st Armen Norouz Cup"]
[Site "Esfahan IRI"]
[Date "2011.03.28"]
[Round "5"]
[White "Shirani Liri,Nima"]
[Black "Godarz,Kasra"]
[Result "1/2-1/2"]
[WhiteElo "1662"]
[BlackElo "2021"]

1.d4 Nf6 2.c4 g6 3.Nc3 Bg7 4.e4 O-O 5.Nf3 d6 6.Be2 e5 7.O-O Nc6 8.d5 Ne7
9.Ne1 Nd7 10.Nd3 f5 11.f3 f4 12.Bd2 g5 13.Rc1 Ng6 14.Be1 Rf7 15.Nb5 a6 16.Na3 Bf8
17.Bf2 Nf6 18.c5 h5 19.cxd6 cxd6 20.Nc4 g4 21.Nb6 Rb8 22.Nxc8 Rxc8 23.fxg4 Rxc1
24.Nxc1 h4 25.Qd3 Qa5 26.h3 Qb4 27.Bf3 Qxb2 28.Qb3 Qxb3 29.Nxb3 Rc7 30.Rc1 Rxc1+
31.Nxc1 Be7 32.Nb3 Bd8 33.a4 Nd7 34.a5 Kf7 35.Kf1 Kf6 36.Ke2 Kg5 37.Kd3 b6
38.axb6 Nxb6 39.Bxb6 Bxb6 40.Kc4 Nf8 41.Kb4 Nd7 42.Be2 Nf6 43.Bf3 Nd7 44.Be2 Nf6
45.Bf3 Nd7 46.Be2 Bd8 47.Bf3 Bb6 48.Be2 Bd8  1/2-1/2

[Event "ch-CHN w 2011"]
[Site "Xinghua Jiangsu CHN"]
[Date "2011.03.31"]
[Round "2"]
[White "Guo Qi"]
[Black "Zhang Xiaowen"]
[Result "0-1"]
[WhiteElo "2331"]
[BlackElo "2344"]

1.d4 Nf6 2.Nf3 g6 3.c4 Bg7 4.Nc3 d6 5.e4 O-O 6.Be2 e5 7.O-O Nc6 8.d5 Ne7
9.b4 a5 10.Ba3 b6 11.bxa5 Nh5 12.Re1 Nf4 13.Bf1 f5 14.Bb4 bxa5 15.Ba3 fxe4
16.Nd2 Nf5 17.Ndxe4 Nd4 18.c5 c6 19.cxd6 cxd5 20.Ng3 Bd7 21.Kh1 Qh4 22.f3 g5
23.Nge2 Rf6 24.Nxf4 gxf4 25.Bc5 Rh6 26.h3 Kh8 27.Bxd4 exd4 28.Nxd5 Qg5 29.Ne7 Rxd6
30.Qb3 d3 31.Rad1 Be5 32.Nd5 Rg8 33.Qxd3 Bxh3 34.Qe2 Rh6 35.Kg1 Re6 36.Qf2 Qg7
37.Re4 Bb8 38.Rxe6 Bxe6 39.Nb6 Ba7 40.Rd6 Qe5 41.Qd2 Bxa2 42.Rh6 Qe3+ 43.Qxe3 fxe3
44.Bd3 Rg7 45.Kf1 Rb7 46.Nc8 Bb1 47.Ba6 Bd4 48.Rd6 Rb4 49.Ne7 Bc5 50.Rd8+ Kg7
51.Rd7 Rb2 52.Nd5+ Kh6 53.g4 Rf2+ 54.Ke1 Rxf3 55.Rc7 Bd4 56.Be2 Rh3 57.Nf4 Rh1+
58.Bf1 Be5 59.Rc6+ Kg5 60.Ng2 Be4 61.Rc5 Bxg2 62.Rxe5+ Kf4 63.Re4+  0-1

[Event "TCh-NOR Attack-serien 2010-11"]
[Site "Oslo NOR"]
[Date "2011.04.01"]
[Round "7"]
[White "Byklum,B"]
[Black "Berg,E"]
[Result "0-1"]
[WhiteElo "2263"]
[BlackElo "2627"]

1.d4 Nf6 2.c4 g6 3.Nc3 Bg7 4.e4 d6 5.Nf3 O-O 6.Be2 e5 7.O-O Nc6 8.d5 Ne7
9.Ne1 Nd7 10.Nd3 f5 11.Bd2 Kh8 12.Rc1 c5 13.f4 exf4 14.Bxf4 Bxc3 15.Rxc3 fxe4
16.Ne1 Nf5 17.Nc2 g5 18.Bc1 Ne5 19.b3 Bd7 20.Qd2 h6 21.Rh3 Kg8 22.Ne3 Nh4
23.Rg3 Rxf1+ 24.Bxf1 Qf6 25.Qf2 Qg6 26.Be2 Rf8 27.Qe1 Nhf3+ 28.gxf3 exf3  0-1

[Event "ch-CHN w 2011"]
[Site "Xinghua Jiangsu CHN"]
[Date "2011.04.01"]
[Round "3"]
[White "Tan Zhongyi"]
[Black "Ju Wenjun"]
[Result "0-1"]
[WhiteElo "2428"]
[BlackElo "2519"]

1.d4 Nf6 2.c4 g6 3.Nc3 Bg7 4.e4 d6 5.Nf3 O-O 6.Be2 e5 7.O-O Nc6 8.d5 Ne7
9.Ne1 Nd7 10.Be3 f5 11.f3 f4 12.Bf2 g5 13.a4 a5 14.Nd3 Nf6 15.c5 Ng6 16.Rb1 h5
17.h3 Rf7 18.cxd6 cxd6 19.b4 Bd7 20.bxa5 g4 21.fxg4 hxg4 22.hxg4 Rc8 23.g5 Nh7
24.Nb5 Bf8 25.Bg4 Qxg5 26.Be6 Bxe6 27.dxe6 Rg7 28.Ne1 Qe7 29.Qb3 Ng5 30.Nxd6 Qxd6
31.e7+ Kh8 32.exf8=Q+ Rxf8 33.Rd1 Qc6 34.Nf3 Nxe4 35.Rfe1 Rc8 36.Nd4 exd4
37.Bxd4 Ng5 38.Qb5 Nf3+ 39.Kf2 Nxd4 40.Rxd4 Qf6 41.Rh1+ Kg8 42.Qb3+ Qf7 43.Qxf7+ Rxf7
44.Rh5 Rc6 45.Rb4 Re7 46.Rb6 Kg7 47.Rxc6 bxc6 48.g3 fxg3+ 49.Kxg3 Re4 50.Rc5 Ne7
51.Kf3 Rxa4 52.Ke3 Kf6 53.Kd3 Ke6  0-1

[Event "Karposh Open"]
[Site "Skopje MKD"]
[Date "2011.04.02"]
[Round "1"]
[White "Antic,De"]
[Black "Vladimirov,V MKD"]
[Result "1/2-1/2"]
[WhiteElo "2488"]
[BlackElo "2142"]

1.d4 d6 2.Nf3 g6 3.c4 Nf6 4.Nc3 Bg7 5.e4 O-O 6.Be2 e5 7.O-O Nc6 8.d5 Ne7
9.b4 a5 10.bxa5 c5 11.a4 Rxa5 12.Ra3 Ra6 13.Bb2 h6 14.Nd2 Ne8 15.Nb5 f5 16.f4 exf4
17.Bxg7 Nxg7 18.exf5 Ngxf5 19.Rxf4 g5 20.Rf2 Ng6 21.Qf1 Ne5 22.g4 Nd4 23.h3 Bd7
24.Nxd4 cxd4 25.c5 Rxa4 26.Rxa4 Bxa4 27.Qa1 Rxf2 28.Kxf2 Qf6+ 29.Ke1 Bc2
30.Qa8+ Qf8 31.Qxb7 dxc5 32.Nc4 Nxc4 33.Bxc4 Qe8+ 34.Kd2 Qe3+ 35.Kxc2 Qc3+
36.Kd1 Qxc4 37.Qc8+ Kg7 38.Qd7+ Kg8 39.Qe8+ Kg7 40.Qe7+ Kg8 41.Qe8+  1/2-1/2

[Event "Final Four of College Chess"]
[Site "Washington D.C. USA"]
[Date "2011.04.03"]
[Round "3"]
[White "Foisor,S"]
[Black "Diamant,A"]
[Result "1/2-1/2"]
[WhiteElo "2350"]
[BlackElo "2520"]

1.d4 Nf6 2.c4 g6 3.Nc3 Bg7 4.e4 d6 5.Nf3 O-O 6.Be2 e5 7.O-O Nc6 8.d5 Ne7
9.Ne1 Nd7 10.Bg5 h6 11.Bh4 g5 12.Bg3 f5 13.exf5 Nxf5 14.Ne4 Nf6 15.Bd3 Bd7
16.Nc2 Nxe4 17.Bxe4 Qe8 18.Qd2 Qe7 19.Rae1 Qf6 20.f3 h5 21.Bf2 g4 22.fxg4 hxg4
23.Be3 Qg6 24.g3 b6 25.Rf2 Qh5 26.Ref1 Rf7 27.Qd3 Raf8 28.b3 Nxe3 29.Rxf7 Nxf1
30.Rxf1 Rxf1+ 31.Qxf1 Qg5 32.Qf2 Bh6 33.Kg2 Kg7 34.Nb4 Qc1 35.Nd3 Qg5 36.Nb4 a5
37.Nd3 a4 38.Qe2 Kf7 39.Nf2 a3 40.h3 gxh3+ 41.Nxh3 Qd2 42.Qxd2 Bxd2 43.Nf2 b5
44.c5 dxc5 45.Nd3 Ke7 46.Nxc5 Be8 47.Kf3 Bf7 48.g4 Kd6 49.Nb7+ Ke7 50.Nc5 Bh6
51.Ke2 Kd6 52.Nb7+ Ke7 53.Nc5 Kd6 54.Nb7+ Ke7 55.Nc5 Kd6  1/2-1/2

[Event "ch-CHN w 2011"]
[Site "Xinghua Jiangsu CHN"]
[Date "2011.04.04"]
[Round "6"]
[White "Guo Qi"]
[Black "Huang Qian"]
[Result "1-0"]
[WhiteElo "2331"]
[BlackElo "2394"]

1.d4 Nf6 2.Nf3 g6 3.c4 Bg7 4.Nc3 O-O 5.e4 d6 6.Be2 e5 7.O-O Nc6 8.d5 Ne7
9.b4 a5 10.Ba3 axb4 11.Bxb4 Nd7 12.a4 Bh6 13.a5 f5 14.Nd2 Kh8 15.Bd3 Nf6
16.c5 Bxd2 17.Qxd2 fxe4 18.cxd6 cxd6 19.Nxe4 Nxe4 20.Bxe4 Bf5 21.Bxf5 Rxf5
22.f4 exf4 23.Bc3+ Kg8 24.Qd4 Qf8 25.Rae1 Rc8 26.Qh8+ Kf7 27.Qxh7+ Ke8 28.Rxe7+ Qxe7
29.Re1 Rf7 30.Rxe7+ Kxe7 31.Qh4+ Ke8 32.Qh8+ Kd7 33.Qh3+ Kc7 34.Qe6 Rcf8
35.Bb4 Rd7 36.Bxd6+  1-0

[Event "ch-FAI"]
[Site "Vestmanna FAI"]
[Date "2011.04.16"]
[Round "1"]
[White "Rodgaard,J"]
[Black "Nielsen,Ro"]
[Result "1-0"]
[WhiteElo "2352"]
[BlackElo "2093"]

1.Nf3 d6 2.d4 g6 3.c4 Nf6 4.Nc3 Bg7 5.e4 O-O 6.Be2 e5 7.O-O Nc6 8.d5 Ne7
9.Ne1 Nd7 10.Be3 f5 11.f3 Nf6 12.c5 Nh5 13.Nd3 dxc5 14.Bxc5 b6 15.Ba3 Rf7
16.Nb5 Bb7 17.d6 Nc6 18.dxc7 Rxc7 19.Nxc7 Qxc7 20.Rc1 Qd8 21.Nb4 Nd4 22.Bc4+ Kh8
23.Bd5 Bxd5 24.Nxd5 Qg5 25.Qd3 fxe4 26.fxe4 Nf4 27.Nxf4 exf4 28.Kh1 Qh5 29.Rce1 Rd8
30.e5 f3 31.Rxf3 Bxe5  1-0

[Event "Norsk Open A"]
[Site "Fagernes NOR"]
[Date "2011.04.17"]
[Round "1"]
[White "Thingstad,E"]
[Black "Wibe,P"]
[Result "1-0"]
[WhiteElo "2155"]
[BlackElo "1824"]

1.d4 Nf6 2.c4 g6 3.Nc3 Bg7 4.e4 d6 5.Nf3 O-O 6.Be2 e5 7.O-O Nc6 8.d5 Ne7
9.Ne1 Nd7 10.f3 f5 11.g4 fxg4 12.fxg4 Rxf1+ 13.Kxf1 Qf8+ 14.Kg2 h6 15.h4 Nf6
16.g5 Nxe4 17.Nxe4 Bh3+ 18.Kxh3 Qf5+ 19.Kh2 Qxe4 20.Ng2 Rf8 21.Qd3 Qf5 22.Qxf5 gxf5
23.gxh6 Bf6 24.Bg5 f4 25.Bd3 Bxg5 26.hxg5 Nf5 27.Bxf5 Rxf5 28.Nh4 Rf8 29.Re1 f3
30.Kg3 e4 31.Rxe4 f2 32.Re7 Rf3+ 33.Nxf3 f1=Q 34.g6 Kf8 35.Rf7+ Ke8 36.h7 Qh1
37.Rxc7 Qh5 38.h8=Q+  1-0

[Event "1st CHN-w Masters"]
[Site "Jiangsu Wuxi CHN"]
[Date "2011.04.17"]
[Round "2"]
[White "Tan Zhongyi"]
[Black "Ju Wenjun"]
[Result "1/2-1/2"]
[WhiteElo "2428"]
[BlackElo "2519"]

1.d4 Nf6 2.c4 g6 3.Nc3 Bg7 4.e4 d6 5.Nf3 O-O 6.Be2 e5 7.O-O Nc6 8.d5 Ne7
9.Ne1 Nd7 10.Be3 f5 11.f3 f4 12.Bf2 g5 13.a4 a5 14.Nd3 b6 15.Be1 Nf6 16.Nf2 Rf7
17.Nb5 Bf8 18.b4 Ng6 19.bxa5 bxa5 20.c5 dxc5 21.Bc3 h5 22.h3 Bd6 23.Qd2 Rh7
24.Bxa5 Qf8 25.Ra3 Qh6 26.Nxd6 cxd6 27.Bd8 g4 28.Bxf6 gxh3 29.gxh3 Rf7 30.Bd8 Bd7
31.Bb6 Nh4 32.Kh1 Rg7 33.Qc1 Kh7 34.Rg1 Rag8 35.Rxg7+ Qxg7 36.Qf1 Qg3 37.a5 Bb5
38.Bxb5 Nxf3 39.Rxf3 Qxf3+ 40.Kh2 Qg3+ 41.Kh1 Qf3+  1/2-1/2

[Event "ch-FRA u20b"]
[Site "Montlucon FRA"]
[Date "2011.04.17"]
[Round "1.1"]
[White "Demuth,A"]
[Black "Paci,R"]
[Result "1-0"]
[WhiteElo "2375"]
[BlackElo "2011"]

1.d4 g6 2.c4 Bg7 3.Nf3 d6 4.Nc3 Nf6 5.e4 O-O 6.Be2 e5 7.O-O Nc6 8.d5 Ne7
9.Ne1 Nd7 10.Nd3 f5 11.Bd2 fxe4 12.Nxe4 Nf5 13.Rc1 Nf6 14.Nxf6+ Qxf6 15.Bg4 Bd7
16.f3 Qf7 17.Nf2 c6 18.Ne4 cxd5 19.Ng5 Qe7 20.cxd5 h6 21.Ne4 Bb5 22.Re1 Rad8
23.Bb4 h5 24.Bh3 Bh6 25.Bd2 g5 26.Bxf5 Rxf5 27.Ng3 Rff8 28.Nxh5 Qf7 29.Qb3 Qxh5
30.Qxb5 Rf7 31.Re4  1-0

[Event "1st CHN-w Masters"]
[Site "Jiangsu Wuxi CHN"]
[Date "2011.04.18"]
[Round "3"]
[White "Shen Yang"]
[Black "Zhang Xiaowen"]
[Result "1/2-1/2"]
[WhiteElo "2443"]
[BlackElo "2344"]

1.d4 Nf6 2.Nf3 g6 3.c4 Bg7 4.Nc3 O-O 5.e4 d6 6.Be2 e5 7.O-O Nc6 8.d5 Ne7
9.b4 a5 10.Ba3 b6 11.bxa5 Nh5 12.Re1 Nf4 13.Bf1 Rxa5 14.Bb4 Ra8 15.a4 f5
16.Nd2 fxe4 17.Ndxe4 Nf5 18.Nb5 Bd7 19.g3 Nh5 20.Bc3 h6 21.a5 bxa5 22.c5 Bxb5
23.Bxb5 Nd4 24.Bxd4 exd4 25.Qg4 Kh7 26.cxd6 cxd6 27.Bd3 Nf6 28.Nxf6+ Qxf6
29.Ra2 Qg5 30.Qd7 Rad8 31.Qc7 Rc8 32.Qxd6 Rc3 33.Qa6 Rf6 34.Qb5 Rd6 35.Be4 d3
36.Kg2 h5 37.Rd1 h4 38.Rxd3 Qe5 39.f3 Rxd3 40.Qxd3 Rb6 41.Qc2 hxg3 42.hxg3 Qd6
43.Qd2 a4 44.Qe3 Rb3 45.Qa7 a3 46.Kh3 Rb2 47.Qxa3 Qd7+ 48.g4 Rxa2 49.Qxa2 Qd6
50.Qa4 Kh6 51.Qe8 Kg5 52.Qf7 Qf6 53.Qd7 Qa1 54.Qc7 Qf1+ 55.Kh2 Qf2+  1/2-1/2

[Event "9th V Nabokov IM"]
[Site "Kyiv UKR"]
[Date "2011.04.18"]
[Round "1.5"]
[White "Nikolaev,L"]
[Black "Ogleznev,A"]
[Result "1/2-1/2"]
[WhiteElo "2338"]
[BlackElo "2313"]

1.d4 Nf6 2.Nf3 g6 3.c4 Bg7 4.Nc3 d6 5.e4 O-O 6.Be2 e5 7.O-O Nc6 8.dxe5 dxe5
9.Bg5 Qxd1 10.Rfxd1 Bg4 11.Rac1 Bxf3 12.Bxf3 Nd4 13.Nd5 Nxd5 14.cxd5 c6 15.dxc6 bxc6
16.Be3 Rfb8 17.b3 a5 18.Bxd4 exd4 19.e5 Bxe5 20.Rxc6 Ra7 21.g3 Kg7  1/2-1/2

[Event "XLII Abierto Internacional"]
[Site "Mar del Plata ARG"]
[Date "2011.04.18"]
[Round "4.31"]
[White "Gomez,Roberto Carlos"]
[Black "Sanhueza,C"]
[Result "0-1"]
[WhiteElo "1981"]
[BlackElo "2209"]

1.d4 Nf6 2.Nf3 g6 3.c4 Bg7 4.Nc3 O-O 5.e4 d6 6.Be2 e5 7.O-O Nc6 8.d5 Ne7
9.Ne1 Nd7 10.f3 f5 11.Be3 f4 12.Bf2 g5 13.b4 Rf6 14.Nd3 Rh6 15.Kh1 Qe8 16.Bg1 Nf6
17.Nf2 Nh5 18.h3 Ng3+ 19.Kh2 Nxf1+ 20.Bxf1 a5 21.Nb5 Qd8 22.bxa5 c6 23.dxc6 bxc6
24.Nc3 Qxa5 25.Qb3 Qa3 26.Qc2 d5 27.cxd5 cxd5 28.Nb5 Qa5 29.a4 Rc6 30.Qb3 Be6
31.exd5 Bxd5 32.Qa3 Nf5 33.Bd3 Nd4 34.Qe7 Qd8 35.Qa3 Qf8 36.Qb2 Nxf3+ 37.gxf3 e4
38.Nd4 exd3 39.Nxd3 Rac8 40.Qb5 Bc4 41.Qb1 Rd6  0-1

[Event "34th Open"]
[Site "Donostia ESP"]
[Date "2011.04.19"]
[Round "4"]
[White "Pogorelov,R"]
[Black "Navarrete Espi,S"]
[Result "1-0"]
[WhiteElo "2430"]
[BlackElo "2127"]

1.Nf3 Nf6 2.c4 g6 3.Nc3 Bg7 4.e4 d6 5.d4 O-O 6.Be2 e5 7.O-O Nc6 8.d5 Ne7
9.Ne1 c5 10.Rb1 Nd7 11.b4 f5 12.Nb5 Nf6 13.bxc5 dxc5 14.exf5 Nxf5 15.Nd3 a6
16.Nc3 b5 17.Nxc5 Qc7 18.N5e4 Nd4 19.cxb5 Nxe4 20.Nxe4 axb5 21.Bxb5 Rxa2
22.d6 Qf7 23.d7 Bb7 24.f3 Bd5 25.Nc3 Qf5 26.Be3 e4 27.Bxd4 exf3 28.Nxa2 Qg4
29.Rf2 Bxd4 30.g3 h5 31.Rb4 Bxf2+ 32.Kxf2 Qh3 33.Qxd5+ Kh7 34.Rf4 Qxh2+ 35.Ke3 Qg1+
36.Ke4 Qe1+ 37.Kd4 Qf2+ 38.Ke5 Qe3+ 39.Kd6 Qb6+ 40.Qc6 Qb8+ 41.Qc7  1-0

[Event "1st CHN-w Masters"]
[Site "Jiangsu Wuxi CHN"]
[Date "2011.04.19"]
[Round "4"]
[White "Shen Yang"]
[Black "Huang Qian"]
[Result "1-0"]
[WhiteElo "2443"]
[BlackElo "2394"]

1.d4 Nf6 2.Nf3 g6 3.c4 Bg7 4.Nc3 O-O 5.e4 d6 6.Be2 e5 7.O-O Nc6 8.d5 Ne7
9.b4 a5 10.Ba3 b6 11.bxa5 Nh5 12.Re1 f5 13.Bb4 bxa5 14.Ba3 Nf4 15.Bf1 fxe4
16.Nd2 Nd3 17.Bxd3 exd3 18.Nde4 Nf5 19.Qxd3 Ba6 20.Nb5 Qd7 21.Rab1 h6 22.Bc1 a4
23.Be3 Kh7 24.Rb4 Bxb5 25.Rxb5 Nd4 26.Rb7 Rfb8 27.Reb1 Qc8 28.R7b4 Rxb4 29.Rxb4 Rb8
30.Rxa4 Rb2 31.h3 Qb8 32.Kh2 Qc8 33.Ra5 Qf8 34.c5 dxc5 35.Rxc5 Rxa2 36.Rxc7 Ra4
37.d6 Qd8 38.Qd1 Ra6 39.Bxd4 exd4 40.Qxd4 Qf8 41.Qxg7+ Qxg7 42.Nf6+  1-0

[Event "9th V Nabokov IM"]
[Site "Kyiv UKR"]
[Date "2011.04.19"]
[Round "2.1"]
[White "Melnichuk,M"]
[Black "Ogleznev,A"]
[Result "1/2-1/2"]
[WhiteElo "2319"]
[BlackElo "2313"]

1.d4 Nf6 2.c4 g6 3.Nc3 Bg7 4.e4 d6 5.Nf3 O-O 6.Be2 e5 7.O-O Nc6 8.dxe5 dxe5
9.Bg5 Qxd1 10.Rfxd1 Bg4 11.h3 Bxf3 12.Bxf3 Nd4 13.Nd5 Nxd5 14.cxd5 f5 15.Rd2 Rf7
16.Be3 Nxf3+ 17.gxf3 Bf8  1/2-1/2

[Event "ch-FRA u20b"]
[Site "Montlucon FRA"]
[Date "2011.04.20"]
[Round "5.9"]
[White "Ludwig,Re"]
[Black "Paci,R"]
[Result "1-0"]
[WhiteElo "2253"]
[BlackElo "2011"]

1.d4 g6 2.c4 Bg7 3.e4 d6 4.Nc3 Nf6 5.Be2 O-O 6.Nf3 e5 7.O-O Nc6 8.d5 Ne7
9.Kh1 Nd7 10.g4 Kh8 11.Rg1 Ng8 12.Be3 Bh6 13.g5 Bg7 14.b4 f5 15.gxf6 Ndxf6
16.Ng5 Qe7 17.c5 Nh6 18.Rc1 Nf7 19.cxd6 Nxd6 20.Nb5 Nfe8 21.Nxd6 Nxd6 22.Bg4 h6
23.Bxc8 hxg5 24.Bg4 Nxe4 25.Qc2 Nf6 26.Bc5 Qd8 27.Be6 Re8 28.Bf7 b6 29.Be3 Re7
30.Qxg6 Qf8 31.Be6 Bh6 32.Bxg5 Bxg5 33.Rxg5 Nh7 34.Rf5 Qg7 35.Qh5 e4 36.Rg1 Qd4
37.Rfg5  1-0

[Event "ch-FRA u20b"]
[Site "Montlucon FRA"]
[Date "2011.04.20"]
[Round "5.4"]
[White "Bouget,A"]
[Black "Chandesris,L"]
[Result "1/2-1/2"]
[WhiteElo "2189"]
[BlackElo "2121"]

1.d4 Nf6 2.c4 g6 3.Nc3 Bg7 4.e4 d6 5.Nf3 O-O 6.Be2 e5 7.O-O Nc6 8.d5 Ne7
9.b4 Nh5 10.Re1 f5 11.Ng5 Nf6 12.f3 Nh5 13.g3 c6 14.Kg2 h6 15.Ne6 Bxe6 16.dxe6 Nf6
17.Rb1 Ne8 18.Qb3 Nc7 19.Rd1 Kh7 20.c5 d5 21.exd5 cxd5 22.Nxd5 Nexd5 23.Bc4 Nxe6
24.Rxd5 Qe7 25.Bb2 Nd4 26.Qe3 Qc7 27.f4 exf4 28.Qxf4 Qxf4 29.gxf4 Rad8 30.Bxd4 Rxd5
31.Bxd5 Bxd4 32.Bxb7 Re8 33.Bf3 Re7 34.Rd1 Be3 35.Kg3 g5 36.fxg5 hxg5 37.h3 Bf4+
38.Kg2 Kg6 39.b5 Re3 40.b6 axb6 41.cxb6 g4 42.hxg4 fxg4 43.Bd5 Re2+ 44.Kf1 Rb2
45.b7 Kf5 46.Re1 g3 47.a4 Bc7 48.Re2 Rxe2 49.Kxe2 Ke5 50.Bg2 Kd4 51.Kf3  1/2-1/2

[Event "Doeberl Cup Premier"]
[Site "Canberra AUS"]
[Date "2011.04.21"]
[Round "2.7"]
[White "Garner,D"]
[Black "Ly,Mo"]
[Result "1/2-1/2"]
[WhiteElo "2146"]
[BlackElo "2381"]

1.d4 Nf6 2.Nf3 g6 3.c4 Bg7 4.Nc3 O-O 5.e4 d6 6.Be2 e5 7.O-O Nc6 8.d5 Ne7
9.b4 Nh5 10.Re1 a5 11.Ba3 axb4 12.Bxb4 b6 13.a4 Re8 14.Qb3 Nf4 15.Bf1 c5
16.dxc6 Nxc6 17.Ba3 Bg4 18.Nb5 Bf8 19.Re3 Ne6 20.Bb2 Nc5 21.Qd1 h6 22.h3 Be6
23.Qc2 Qb8 24.Nd2 Rc8 25.g3 Bg7 26.Bg2 Nd4 27.Nxd4 exd4 28.Rea3 Bd7 29.Nf3 Rxa4
30.Bxd4 Rxa3 31.Rxa3 Bf8 32.Ba1 Ne6 33.Qb2 Bg7 34.Qb4 Bxa1 35.Rxa1 Qc7 36.Rd1 Nc5
37.Nd4 Re8 38.Nb5 Bxb5 39.cxb5 Re6 40.Qd4 Qd7 41.Rb1 Qe8 42.Rb4 Kh7 43.h4 h5
44.Bf3 Qa8 45.Kg2 Qa3 46.Rb1 Qa4 47.Qxa4 Nxa4 48.Ra1 Nc3 49.Ra6 Nxb5 50.Rxb6 Na3
51.Rb4 Nc2 52.Rb1 Nd4  1/2-1/2

[Event "34th Open"]
[Site "Donostia ESP"]
[Date "2011.04.21"]
[Round "7"]
[White "Tratar,M"]
[Black "Pastor Pons,P"]
[Result "1-0"]
[WhiteElo "2482"]
[BlackElo "2156"]

1.d4 Nf6 2.Nf3 g6 3.c4 Bg7 4.Nc3 O-O 5.e4 d6 6.Be2 e5 7.O-O Nc6 8.d5 Ne7
9.Nd2 Nd7 10.b4 f5 11.c5 Nf6 12.f3 Bh6 13.Nc4 Bxc1 14.Qxc1 f4 15.b5 b6 16.cxd6 cxd6
17.a4 Rb8 18.Qa3 Ne8 19.a5 g5 20.axb6 axb6 21.Na4 Ng6 22.Naxb6 Rxb6 23.Qa5  1-0

[Event "Cez Cup GM 2011"]
[Site "Frydek Mistek CZE"]
[Date "2011.04.21"]
[Round "4"]
[White "Dydyshko,V"]
[Black "Rojicek,V"]
[Result "1-0"]
[WhiteElo "2555"]
[BlackElo "2422"]

1.d4 Nf6 2.c4 g6 3.Nc3 Bg7 4.e4 d6 5.Nf3 O-O 6.Be2 e5 7.O-O Nc6 8.d5 Ne7
9.Ne1 Nd7 10.Nd3 f5 11.Bd2 Kh8 12.Rc1 c5 13.dxc6 Nxc6 14.f3 Nc5 15.Be3 b6
16.a3 Nd4 17.Nb4 Qh4 18.g3 Qh5 19.exf5 Qxf5 20.Nb5 Ncb3 21.Nxd4 exd4 22.Qxb3 dxe3
23.Qxe3 Bb7 24.Qd2 Rae8 25.Nd5 Qe5 26.Rc2 Bc8 27.f4 Qf5 28.Bf3 Qf7 29.Qg2 Bf5
30.Rd2 Qd7 31.Rfd1 b5 32.cxb5 Qxb5 33.Qf2 Qb3 34.Nb4 Rc8 35.Nc6 Rfe8 36.Nd4 Qe3
37.Nxf5 gxf5 38.Qxe3 Rxe3 39.Bd5 a5 40.Kf2 Re7 41.a4 Rb8 42.b3 Bc3 43.Re2 Rbe8
44.Rxe7 Rxe7 45.Bc4 Bb4 46.Rd5 Bc5+ 47.Kf1 Re3 48.Rxf5 Rc3 49.Rh5 Kg7 50.Ke2 h6
51.g4 Re3+ 52.Kd2 Rf3 53.f5 Bd4 54.f6+ Bxf6 55.Rxa5 Rf2+ 56.Ke3 Rxh2 57.Ra7+ Kg6
58.a5 Kg5 59.a6 Kxg4 60.Rd7 Kf5 61.a7 Rh3+ 62.Ke2 Rh2+ 63.Kf1 Ra2 64.Bd5  1-0

[Event "Doeberl Cup Premier"]
[Site "Canberra AUS"]
[Date "2011.04.22"]
[Round "4.11"]
[White "Grigg,S"]
[Black "Oliver,G"]
[Result "1/2-1/2"]
[WhiteElo "2012"]
[BlackElo "2214"]

1.c4 Nf6 2.Nc3 g6 3.e4 d6 4.d4 Bg7 5.Nf3 O-O 6.Be2 e5 7.O-O Nc6 8.d5 Ne7
9.b4 Nh5 10.c5 Nf4 11.Bxf4 exf4 12.Qd2 h6 13.Rad1 g5 14.e5 Nf5 15.exd6 cxd6
16.Nb5 a6 17.Nxd6 Nxd6 18.cxd6 Qxd6 19.Bd3 Bg4 20.Bb1 Rfc8 21.Rfe1 Bxf3 22.gxf3 Rc3
23.Re4 Rxf3 24.Qe2 Rc3 25.Re8+ Rxe8 26.Qxe8+ Bf8 27.Qe4 Bg7 28.Qe8+ Bf8  1/2-1/2

[Event "ch-BOT"]
[Site "Gaborone BOT"]
[Date "2011.04.22"]
[Round "2"]
[White "Barileng,G"]
[Black "Kamara,Abdul"]
[Result "1-0"]
[WhiteElo "2151"]
[BlackElo "1937"]

1.Nf3 Nf6 2.c4 g6 3.Nc3 Bg7 4.e4 d6 5.d4 O-O 6.Be2 e5 7.O-O Nc6 8.d5 Ne7
9.b4 Nh5 10.Re1 Nf4 11.Bxf4 exf4 12.Rc1 h6 13.c5 g5 14.Nd2 Ng6 15.Nc4 Ne5
16.Nxe5 Bxe5 17.Bg4 Bd7 18.Bxd7 Qxd7 19.c6 bxc6 20.dxc6 Qd8 21.Nd5 Kg7 22.Qg4 Rc8
23.Qd7 Re8 24.b5 Bd4 25.Qxd8 Rexd8 26.Ne7 Be5 27.Nxc8 Rxc8 28.Rc4 Rb8 29.Rb1 f6
30.Ra4 Ra8 31.b6 cxb6 32.Rxb6 Rc8 33.Rxa7+ Kg6 34.Rb4 f5 35.c7 fxe4 36.Rb8  1-0

[Event "VII Lubuska Open"]
[Site "Gorzow POL"]
[Date "2011.04.22"]
[Round "6"]
[White "Chomski,M"]
[Black "Wisniowska,K"]
[Result "0-1"]
[WhiteElo "1845"]
[BlackElo "2011"]

1.d4 d6 2.c4 Nf6 3.Nc3 g6 4.e4 Bg7 5.Nf3 O-O 6.Be2 e5 7.O-O Nc6 8.d5 Ne7
9.Ne1 Nd7 10.Be3 f5 11.f3 f4 12.Bf2 g5 13.a4 a5 14.Nd3 b6 15.b4 axb4 16.Nxb4 Ra5
17.Nd3 h5 18.Nc1 Nc5 19.Be1 Ng6 20.Ra2 Rf7 21.Nb5 Ra8 22.a5 Qf6 23.axb6 Rxa2
24.Nxa2 cxb6 25.Nac3 Bf8 26.Bf2 Rg7 27.Na4 Qd8 28.Kh1 Nh8 29.Nbc3 g4 30.fxg4 hxg4
31.g3 f3 32.Bd3 Rb7 33.Qd2 Nf7 34.Be3 Be7 35.Rb1 Qc7 36.Bf1 Kg7 37.Rb4 Bd8
38.Qb2 Kg6 39.Nb5 Qb8 40.Nbc3 Ng5 41.Bxg5 Kxg5 42.Kg1 Kg6 43.Qb1 Qc7 44.Nb5 Qe7
45.Nbc3 Nd7 46.Qc1 Qf8 47.Qe3 Bg5 48.Qf2 Qh6 49.Nd1 Bd8 50.Rb1 Nc5 51.Nxc5 bxc5
52.Rxb7 Bxb7 53.Qe3 Bg5 54.Qb3 Qg7 55.Nf2 Bc8 56.Qb5 Bd7 57.Qb3 Bd2 58.Nd1 Qf6
59.Qd3 Qg5 60.Kf2 Qh6 61.Kg1 Kf6 62.Qa3 Bb4 63.Qd3 Bd2 64.Qa3 Ke7 65.Qb3 Bc1
66.Qd3 Ba4 67.Nc3 Be3+ 68.Kh1 Bd7 69.Nd1 Bd4 70.Nc3 Bf2 71.Qc2 Bxg3 72.Nd1 f2
73.h3 Qf4 74.Qe2 gxh3 75.Qh5 Qxe4+  0-1

[Event "Joao Braga Open"]
[Site "Sao Paolo BRA"]
[Date "2011.04.22"]
[Round "4.25"]
[White "Nunes,Al"]
[Black "Madeira,W"]
[Result "1/2-1/2"]
[WhiteElo "2017"]
[BlackElo "2212"]

1.d4 Nf6 2.c4 g6 3.Nc3 Bg7 4.e4 O-O 5.Nf3 d6 6.Be2 e5 7.O-O Nc6 8.d5 Ne7
9.Ne1 Nd7 10.Be3 f5 11.f3 Nf6 12.Rc1 b6 13.b4 f4 14.Bf2 g5 15.c5 bxc5 16.bxc5 Ng6
17.Qa4 g4 18.cxd6 cxd6 19.Qc6 Rb8 20.Bxa7 Rb7 21.Bf2 g3 22.hxg3 fxg3 23.Bxg3 Bh6
24.Rc2 Nf4 25.Nb5 Rb6 26.Qc4 Ba6 27.a4 Qd7 28.Bxf4 Bxf4 29.Qc7 Be3+ 30.Kh1 Qe8
31.g4 Qg6 32.Bd3 Rc8 33.Qe7 Re8 34.Qc7 Rc8 35.Qe7 Re8 36.Qc7  1/2-1/2